000 01085nam a2200301 i 4500
003 EG-GICUC
005 20260221115210.0
008 260119s1951 ua |||fr|||| 00| 0 ara d
040 _a EG-GICUC
_bara
_c EG-GICUC
_d EG-GICUC
_erda
041 0 _aAra
082 0 4 _221
_a343.83
_bم ح . ط
092 0 4 _221
099 _aLaw1 10 343.83 م ح . ط 1951
100 0 _aمحمد عبدالعزيز سيف النصر
_eمؤلف.
245 1 2 _aالطب الشرعى النظرى والعملى /
_cتأليف دكتور محمد عبدالعزيز سيف النصر.
264 1 _aالقاهرة :
_bمكتبة النهضة المصرية،
_c1951.
300 _a514 صفحة؛
_c24 سم.
336 _2rda content
_atext
337 _2rda media
_aComputer
338 _2rda carrier
_aOnline Resource
546 _aالنص باللغة العربية
650 1 _aالطب الشرعى
_2qrmak
650 1 _aالقانون الجنائى
_2qrmak
651 1 _2qrmak
856 4 0 _uhttps://fll.law.cu.edu.eg/fulltext/bks/B10-07880.pdf
905 _a54
942 _2ddc
_cBK
_e21
_n0
999 _c57757
_d57757